000 00569nam a2200205Ia 4500
003 GCL
008 140319s9999 xx 000 0 ara d
020 _a730902977
040 _aGCL /
_cGCL
082 0 4 _a415.1
_bش ت
100 1 _aشوقى ضيف
245 1 0 _aتيسيرات لغوية /
_cشوقى ضيف
260 _aالقاهرة :
_bدار المعارف ،
_c1990
300 _a199 ص ؛
_c26 سم
490 _a
650 0 4 _aالنحو
650 0 4 _aاللغة العربية
650 0 4 _aاللغة العربية - النحو
942 _2ddc
_cBK
999 _c52563
_d52563